00833cam a22002411 45000010005000000030008000050050017000130080039000300350018000690350018000870400051001050410008001560600024001640820021001881000020002092450087002292600052003163000025003685040041003936500011004347000040004458560106004854846BD-RjUL20211208233951.0131223s1965 ilu b 001 0 eng a(BD-RjUL)4881 a(OCoLC)233917 aDLCcODaWUdOCoLCdDNLMdUkdDLCdBD-RjULbeng aeng0 aHV 9069bS559g 1965 a364.36bSHG 19651 aShort, James F.10aGroup process and gang delinquency /cJames F. Short, Jr., and Fred L. Strodtbeck. aChicago :bUniversity of Chicago Press ,cc1965 axv, 294 p. ;c22 cm. aBibliographical footnotes and index. 0aGangs.1 aStrodtbeck, Fred L.,ejoint author. uhttp://www.worldcat.org/title/group-process-and-gang-delinquency/oclc/810597486&referer=brief_results